Statistiques concernant De quels pays ces billets proviennent-ils ? #2

Cliquez ici pour prendre le quiz!

Statistiques générales

  • Ce quiz a été pris 25 fois
  • Le résultat moyen est 6 sur 15

Statistiques - réponses

Réponse% Correct
Vietnam
83%
Norvège
72%
Trinité et Tobago
67%
Corée du Nord
61%
Croatie
61%
Birmanie
44%
Chili
33%
Géorgie
33%
Kirghizistan
28%
Ukraine
28%
Népal
17%
Bulgarie
11%
Ethiopie
11%
Fidji
6%
Maldives
0%

Distribution des résultats

Percentile par nombre de réponses

% des personnes avec chaque résultat

Votre développement - résultats

Vous n’avez pas pris ce quiz